000 00716nam a22001217a 4500
040 _cRUA
082 _aLMA SEU 2025 B701 Or.1
100 _aSEUN KIMSEANG, ស៊ឺន គឹមសៀង
245 _aStudy on the use of geographic information system (GIS) To create a bus route map in phnom penh city, សិក្សាពីការប្រើប្រាស់ប្រព័ន្ធព័ត៌មានភូមិសាស្រ្ត (GIS) ដើម្បីបង្កើតផែនទីតម្រាយផ្លូវរត់រថយន្តក្រុង​នៅរាជធានីភ្នំពេញ
260 _aPHNOM PENH
_bRUA
_c2025
300 _axi,46p.
_bill.
_c29cm.
942 _cLMA
999 _c25749
_d25749